Finanční strategie v mezinárodním podnikání
Salvato in:
| Autore principale: | |
|---|---|
| Altri autori: | , |
| Natura: | Libro |
| Lingua: | ceco |
| Pubblicazione: |
Praha
ASPI
2007
|
| Soggetti: | |
| Tags: |
Nessun Tag, puoi essere il primo ad aggiungerne!!
|
MARC
| LEADER | 00000nam$a2200000$$$4500 | ||
|---|---|---|---|
| 001 | 0073960 | ||
| 005 | 20220928075030.6 | ||
| 020 | |a 978-80-7357-321-8 | ||
| 041 | 0 | |a cze | |
| 044 | |a CZ | ||
| 245 | 1 | 0 | |a Finanční strategie v mezinárodním podnikání |c Eva Černohlávková, Alexej Sato, Josef Taušer a kol. |
| 264 | 1 | |a Praha |b ASPI |c 2007 | |
| 300 | |a 317 s. | ||
| 610 | 2 | 0 | |a podnikanie medzinárodné |
| 610 | 2 | 0 | |a riziko podnikateľské |
| 610 | 2 | 0 | |a riziko kurzové |
| 610 | 2 | 0 | |a deriváty |
| 610 | 2 | 0 | |a stratégia podnikateľská |
| 610 | 2 | 0 | |a investície priame zahraničné |
| 610 | 2 | 0 | |a podpora vývozu |
| 610 | 2 | 0 | |a Česko |
| 610 | 2 | 0 | |a financovanie obchodu zahraničného |
| 610 | 2 | 0 | |a internacionalizácia ekonomiky |
| 610 | 2 | 0 | |a kapitál rizikový |
| 610 | 2 | 0 | |a spolupráca cezhraničná |
| 610 | 2 | 0 | |a financie medzinárodné |
| 610 | 2 | 0 | |a pohľadávky |
| 100 | 1 | |a Černohlávková, Eva | |
| 700 | 1 | |a Sato, Alexej | |
| 700 | 1 | |a Taušer, Josef | |